banner koha

Cultura consorciada cana feijoeiro [Saccharum officinarum, Vigna sinensis, Pernambuco, Brasil] (Registro n. 332591)

MARC details
000 -LÍDER
campo de controle de tamanho fixo 01032naa a22002897a 4500
001 - NÚMERO DE CONTROLE
campo de controle BR6600253
003 - IDENTIFICADOR DO NÚMERO DE CONTROLE
campo de controle BR-BrBNA
005 - DATA E HORÁRIO DA ÚLTIMA TRANSAÇÃO
campo de controle 20250709164608.0
007 - CAMPO FIXO DE DESCRIÇÃO FÍSICA--INFORMAÇÃO GERAL
campo de controle de tamanho fixo ta
008 - CAMPO DE DADOS FIXOS--INFORMAÇÃO GERAL
campo de controle de tamanho fixo 250630b bl.|||m| |||| 00| 0 por d
040 ## - FONTE DA CATALOGAÇÃO
Instituição da catalogação original BR-BrBNA
Idioma da catalogação por
Instituição que transcreveu o registro Biblioteca Nacional de Agricultura
041 ## - CÓDIGO DE IDIOMA
Código do idioma do texto/trilha sonora ou título diferente (Pt)
072 ## - CÓDIGO DE CATEGORIA DE ASSUNTO
Código de Categoria de Assunto F27
Código do objeto 0230
-- 1440
-- G514
090 ## - NÚMERO DE CHAMADA LOCAL
Número de chamada F27 BR6600253
100 1# - ENTRADA PRINCIPAL--NOME PESSOAL
Nome pessoal Krutman, S.
111 1# - ENTRADA PRINCIPAL--NOME DO EVENTO
Nome do evento ou lugar 3. Reuniao da Comissao Brasileira de Feijao
Local do evento Rio de Janeiro, GB (Brazil)
Data do evento ou assinatura do tratado 25 Jul 1966
245 1# - TÍTULO
Título Cultura consorciada cana feijoeiro [Saccharum officinarum, Vigna sinensis, Pernambuco, Brasil]
Restante do título Primeiros resultados
490 ## - TÍTULO DA SÉRIE
Título da série Relatorio - Comissao Brasileira do Feijao (Brazil)
500 ## - NOTA GERAL
Nota geral Relatorio anual 1966<br/>Rio de Janeiro, GB (Brasil): 1966. p. 46-54 [6 tables; Summary (Pt)]<br/>(BR6600253-AMS)<br/>
650 ## - ASSUNTO--TERMO TÓPICO
Cabeçalho tópico ou nome geográfico FEIJAO DE CORDA
650 ## - ASSUNTO--TERMO TÓPICO
Cabeçalho tópico ou nome geográfico CANA DE ACUCAR
650 ## - ASSUNTO--TERMO TÓPICO
Cabeçalho tópico ou nome geográfico CONSORCIACAO DE CULTURA
650 ## - ASSUNTO--TERMO TÓPICO
Cabeçalho tópico ou nome geográfico RENDIMENTO
650 ## - ASSUNTO--TERMO TÓPICO
Cabeçalho tópico ou nome geográfico PERNAMBUCO
942 ## - ELEMENTOS DE ENTRADA ADICIONADOS (KOHA)
Tipo de material Koha Analítica de Monografia Seriada
Fonte da classificação ou esquema de arquivamento na estante Classificação AGRIS
909 ## -
-- 202506
-- Lúcia
-- 55
-- Lúcia Elande
Exemplares
Situação do descarte Fonte da classificação ou esquema de arquivamento na estante Situação física Não pode ser emprestado Coleção Biblioteca de origem Biblioteca atual Total de empréstimos Data de último acesso Número do exemplar Tipo de material Koha Situação das perdas Data de aquisição Fonte de aquisição
  Classificação AGRIS       Biblioteca Nacional de Agricultura - Binagri Biblioteca Nacional de Agricultura - Binagri   30/06/2025 01 Analítica de Monografia Seriada   2025-06-30 Portaria Interministerial nº 164/94

BINAGRI

Telefone: (61)3218-2567/2388/3357/2097 - binagri@agro.gov.br

Ministério da Agricultura e Pecuária , Esplanada dos Ministérios, Bloco D, Anexo B, Brasília/DF, CEP: 70.043-900